000 00605nam a2200217 a 4500
001 4408
005 20180713184303.0
008 140415s1989 mx 000 0 spa d
020 _a9682436702
041 _aspa
082 _a371.36
_bDIL
100 1 _aDILLMAN, CAROLINE MATHENY
245 1 0 _aCOMO REDACTAR OBJETIVOS DE INSTRUCCION
250 _a2a ed.
260 _aMEXICO :
_bTRILLAS,
_c1989
300 _a152
650 1 4 _aPROYECTOS DE DESARROLLO
700 1 _aMOLINA GARCIA, ENRIQUE
_etr.
740 _aWRITING INSTRUCTIONAL OBJETIVES
700 1 _aRAHMLOW, HAROLD F.
_ecoaut.
999 _c4408
_d4408